La cuestion juvenil en Costa Rica

Na minha lista:
Detalhes bibliográficos
Autor principal: Torres-Rivas, Edelberto
Formato: Texto
Tags: Adicionar Tag
Sem tags, seja o primeiro a adicionar uma tag!

MARC

LEADER 00000 a a2200000 04500
001 47858
003
040
100 |a Torres-Rivas, Edelberto  
245 |a La cuestion juvenil en Costa Rica   |a Edelberto Torres-Rivas /  |c Edelberto Torres-Rivas 
500 |a También reimpresión en número 58 (1993)  
773 |g número9, (1987), 69 páginas : tablas, gráficos  
999 |c 34803  |d 34803